[Event "Ruhrgebiet Verbandsklasse Gruppe 1 1415"]
[Site "Germany"]
[Date "2014.12.14"]
[Round "4.6"]
[White "Bork, Sophie"]
[Black "Kandelaki, Ervand"]
[Result "0-1"]
[WhiteElo "1682"]
[BlackElo "1680"]
[PlyCount "74"]
[EventDate "2014.09.21"]
[EventType "team-tourn"]
[EventRounds "9"]
[EventCountry "GER"]
[SourceTitle "EXT 2022"]
[Source "ChessBase"]
[SourceDate "2021.10.06"]
[SourceVersion "1"]
[SourceVersionDate "2021.10.06"]
[SourceQuality "1"]
[WhiteTeam "Mengede SG"]
[BlackTeam "Bochum SG IV"]
[WhiteTeamCountry "GER"]
[BlackTeamCountry "GER"]

1. e4 c5 2. c3 Nf6 3. e5 Nd5 4. Nf3 e6 5. d4 cxd4 6. cxd4 Nc6 7. Nc3 Nxc3 8. bxc3 d6 9. Bf4 Be7 10. Bd3 dxe5 11. Nxe5 Nxe5 12. Bxe5 Bf6 13. 0-0 Bxe5 14. dxe5 0-0 15. Qc2 h6 16. Be4 Qc7 17. Rfe1 Bd7 18. Rad1 Rac8 19. Re3 Bc6 20. Bd3 Qa5 21. Rde1 Bd5 22. Rg3 Kh8 23. Qe2 Rxc3 24. Qd2 Ra3 25. Qc1 Rxa2 26. Rh3 Qd2 27. Qxd2 Rxd2 28. Ra1 a6 29. Re3 Rc8 30. Kf1 Rc3 31. Be2 Rxe3 32. fxe3 Rb2 33. g3 Bc6 34. Rd1 Bb5 35. Rd8+ Kh7 36. Bxb5 Rxb5 37. Rd7 Kg6 0-1